Latex straining materials (Record no. 62087)

MARC details
000 -LEADER
fixed length control field 00319nam a2200121Ia 4500
100 ## - MAIN ENTRY--AUTHOR NAME
Personal name Hastings J D
245 #0 - TITLE STATEMENT
Title Latex straining materials
260 ## - PUBLICATION, DISTRIBUTION, ETC. (IMPRINT)
Name of publisher Journal of the Rubber Research Institute of Malaya
Year of publication 1936
300 ## - PHYSICAL DESCRIPTION
Number of Pages 55-67
700 ## - ADDED ENTRY--PERSONAL NAME
Personal name Sekar K C
942 ## - ADDED ENTRY ELEMENTS (KOHA)
Koha item type Journals
Holdings
Withdrawn status Lost status Damaged status Not for loan Home library Current library Date acquired Serial Enumeration / chronology Koha item type
      Journals RRII Library RRII Library 17/12/2021 Volume 7, Issue 1 Journals